| 000 | 00865nam a22002537a 4500 | ||
|---|---|---|---|
| 003 | UA-OsUOA | ||
| 001 | 70462 | ||
| 007 | ta | ||
| 008 | 20100906b un ||||| |||| 00| 0 ukr d | ||
| 100 | _aКащенко Андріан | ||
| 090 |
_a94(477).04 _bК31 |
||
| 942 | _cBK | ||
| 040 |
_aUA-OsUOA _bukr _cUA-OsUOA _dUA-OsUOA |
||
| 245 |
_aОповідання про славне Військо Запорозьке низове _bоповідання |
||
| 300 | _a493 с. | ||
| 955 | _a3 | ||
| 041 | _aukr | ||
| 080 | _a94(477).04 | ||
| 020 | _a5-7775-0301-2 | ||
| 260 |
_aДніпропетровськ _bСіч _c1991 |
||
| 246 | 3 | 1 |
_aКоротка історія Війська Запорозького з малюнками, картами і планами _n |
| 650 | 7 |
_a9 Географія. Біографії. Історія _2UDC |
|
| 999 |
_c356734 _d356734 |
||